000 00705nam a2200253 4500
003 OSt
005 20260601171002.0
008 260422b1962\\\\xxu\||||\||||\00|\0\eng\d
020 _a393001717
040 _aICI
_bspa
_cICI
050 _aBF721
_bP535
100 1 _aPiaget, Jean,
_d1896-1980
_931527
245 1 _aPlay, dreams, and imitation in childhood /
264 _bThe norton librery, |c
_c1962
_aNew York :
300 _a296 páginas
_c20cm
336 _atexto
_2rdacontent
337 _asin medio
_2rdamedia
338 _avolumen
_2rdacarrier
650 4 _aJuego
_931528
650 4 _aImitación
_931529
650 4 _aSimbolismo
_915011
650 4 _aNiños
_xCrecimiento
_931530
942 _2lcc
_cB
999 _c20100
_d20100